| 000 | 00424nam a2200157 i 4500 | ||
|---|---|---|---|
| 001 | 28744 | ||
| 003 | ES-MaACL | ||
| 005 | 20230906153923.0 | ||
| 007 | t| | ||
| 008 | 030120s1920 it ||||1| ita d | ||
| 100 | 1 |
_aBaratono, Adelchi. _925346 |
|
| 245 | 1 | 0 |
_aCritica e pedagogia dei valori (saggio) / _cAdelchi Baratono. |
| 260 |
_aPalermo : _bSandon, _c[1920] |
||
| 300 |
_a358 p. ; _c22 cm. |
||
| 852 |
_aES-MaACL _jB-12730 |
||
| 999 |
_c28744 _d28744 |
||